| 000 | 00365nam a2200133Ia 4500 | ||
|---|---|---|---|
| 008 | 221030s9999 xx 000 0 und d | ||
| 020 | _a1403909954 | ||
| 100 | _aD. K. Agrawal | ||
| 245 | 0 |
_aTextbook of Logistic & Supply Chain Management _cby D. K. Agrawal |
|
| 260 |
_bMacmillan Pub. _aNew Delhi _c2013 |
||
| 300 | _a356 | ||
| 650 | _aManagement | ||
| 942 |
_cBK _2ddc |
||
| 999 |
_c15259 _d15259 |
||